000 00413nam a22001697a 4500
003 MPLRDC
005 20220104123653.0
008 210129b ||||| |||| 00| 0 eng d
082 _a412.4 YXXC
100 _a不详
245 _a传染病预防及自然疗法
_c
260 _a
_b医学书局
_c
300 _b
490 _a医学小丛书
650 _a预防医学--传染病
942 _cBK
_o412.4 YXXC
999 _c13256
_d13246